| 000 | 00362nam a22001577a 4500 | ||
|---|---|---|---|
| 003 | SGT | ||
| 020 | _a978-81-93-7196-0-2 | ||
| 082 |
_a615.53 _bS18P |
||
| 100 | _aPATIL,VASANT.C. | ||
| 245 | _aSUSURUTA SAMHITA | ||
| 260 |
_aNEW DELHI _bCHAUKHAMBA PUB _c2018 |
||
| 300 | _a592,668,592 | ||
| 650 | _aAYURVEDA | ||
| 653 | _aSUSURUTA, SAMHITA | ||
| 942 |
_2ddc _cBK _04 |
||
| 999 |
_c16938 _d16938 |
||